Tatian Chavaan / (Record no. 526699)

000 -LEADER
fixed length control field 00531nam a22001817a 4500
003 - CONTROL NUMBER IDENTIFIER
control field NUST
020 ## - INTERNATIONAL STANDARD BOOK NUMBER
Qualifying information PBK
038 ## - RECORD CONTENT LICENSOR
Staff Name Faiza
082 ## - DEWEY DECIMAL CLASSIFICATION NUMBER
Classification number 891.4913
Author Mark ZAF
100 ## - MAIN ENTRY--PERSONAL NAME
Personal name Lashari, Zafar
9 (RLIN) 15901
245 ## - TITLE STATEMENT
Title Tatian Chavaan /
Statement of responsibility, etc. Zafar Lashari
260 ## - PUBLICATION, DISTRIBUTION, ETC.
Place of publication, distribution, etc. Bahwalpur :
Name of publisher, distributor, etc. Saraiki adabi Tehreek,
Date of publication, distribution, etc. 1984.
300 ## - PHYSICAL DESCRIPTION
Extent 120 p. ;
880 ## - ALTERNATE GRAPHIC REPRESENTATION
Linkage 100-01\r
Title ظفر لشاری
880 ## - ALTERNATE GRAPHIC REPRESENTATION
Linkage 245-02\r
Title تتیاں چھانواں /
880 ## - ALTERNATE GRAPHIC REPRESENTATION
Linkage 260-03\r
Title بہاولپور :
b سرائیکی ادبی تحریک,
c ۱۹۸۴.
942 ## - ADDED ENTRY ELEMENTS (KOHA)
Source of classification or shelving scheme
Koha item type Book
Holdings
Withdrawn status Lost status Source of classification or shelving scheme Damaged status Not for loan Permanent Location Current Location Date acquired Total Checkouts Full call number Barcode Date last seen Price effective from Koha item type
          Central Library (CL) Central Library (CL) 07/15/2019   891.4913 ZAF CL-E-481 07/15/2019 07/15/2019 Book
© 2023 Central Library, National University of Sciences and Technology. All Rights Reserved.